Profile: Buffy Summers Quiz Stats

 Plays Quiz Updated Mar 19, 2012

Challenge
Share
Tweet
Embed
Score 0/42 Timer 07:00
0 Plays Today
Hint Answer % Correct
First loveAngel
90.8%
Second watcherRupert Giles
89.6%
SisterDawn Summers
88.5%
Resurrected byWillow Rosenberg
88.2%
Job descriptionSlayer, the
87%
Address1630 Revello Drive Sunnydale
84.7%
Second successorFaith Lehane
84.3%
Resuscitated byXander Harris
82.9%
Android commisioned bySpike
81.5%
MotherJoyce Summers
80.7%
Cause of first death Drowning
79.9%
Friends collectively known asScooby gang
79.6%
Middle nameAnne
79.3%
Graduated fromSunnydale High School
79.2%
College boyfriendRiley Finn
79%
Year of birth1981
78.7%
Former hometownLos Angeles
73.9%
Third watcherWesley Wyndham-Pryce
73.7%
Name of stakeMr Pointy
73.1%
Bridesmaid toAnya Jenkins
70.3%
EpitaphShe saved the world...a lot
69%
Hint Answer % Correct
Responsible for second deathGlory
68.7%
SuccessorKendra Young
67%
Successor killed byDrusilla
64.5%
Android lookalikeBuffybot
60.5%
Android built byWarren Mears
60.1%
Honorary title awarded at promClass Protector
55.6%
Title awarded byJonathan Levinson
53.6%
Mother's cause of deathBrain aneurysm
52.8%
Governing organizationWatchers' Council
52.4%
Zodiac signCapricorn
48%
Slung burgers atDoublemeat Palace
47.2%
Attempted to sell mummy hand atThe Magic box
43.8%
Stuffed pigMr Gordo
35.8%
Freshman halloween costumeLittle Red Riding Hood
32.7%
FatherHank Summers
32.4%
Fifth grade crushBilly Fordham
19.5%
First watcherMerrick
17.8%
Motto'Life is short' or 'Seize the day'
17.4%
CousinCelia
15.1%
Childhood idol Dorothy Hamill
14%
Afraid ofDummies and hospitals
12.7%

You're not logged in!

Compare scores with friends on all Sporcle quizzes.
Join for Free
OR
Log In

You Might Also Like...

Show Comments

Extras

Top Quizzes Today


Score Distribution

Your Account Isn't Verified!

In order to create a playlist on Sporcle, you need to verify the email address you used during registration. Go to your Sporcle Settings to finish the process.

Report this User

Report this user for behavior that violates our Community Guidelines.

Details: